La consagración de la primavera: Una interpretación materialista-dialéctica de la historia
Salvato in:
| Autore principale: | |
|---|---|
| Natura: | Libro |
| Lingua: | Spanish |
| Pubblicazione: |
San José, Costa Rica
Sistema de Estudios de Posgrado, Universidad de Costa Rica
1984
|
| Soggetti: | |
| Tags: |
Aggiungi Tag
Nessun Tag, puoi essere il primo ad aggiungerne!!
|
MARC
| LEADER | 00000nam a2200000Ia 4500 | ||
|---|---|---|---|
| 008 | 170316s9999 xx 000 0 spa d | ||
| 040 | |a cru BVZT | ||
| 090 | |a TESIS 194 | ||
| 100 | |a Pérez Miguel, Rafael | ||
| 245 | |a La consagración de la primavera: Una interpretación materialista-dialéctica de la historia |c Rafael Pérez Miguel | ||
| 260 | |a San José, Costa Rica | ||
| 260 | |b Sistema de Estudios de Posgrado, Universidad de Costa Rica | ||
| 260 | |c 1984 | ||
| 300 | |a 198 páginas | ||
| 650 | |a MAGÍSTER LITTERARUM | ||
| 650 | |a TRABAJO FNAL DE GRADUACIÓN | ||
| 942 | |2 z |c TF | ||
| 999 | |c 29575 |d 29575 | ||
